| 000 | 00591nmm a2200241 a 4500 | ||
|---|---|---|---|
| 003 | AR-BaBNM | ||
| 005 | 20251128211515.0 | ||
| 008 | 194120s1998 ||||||||||||||000 | spa|| | ||
| 020 | _a987-96162-6-X | ||
| 040 | _cAR-BaBNM | ||
| 100 | 1 | _aRodrÃguez, Hugo Luis | |
| 245 | 1 | 0 | _aS.O.S. creciendo |
| 260 |
_aBuenos Aires _bH.L.R. _c1998 |
||
| 300 | _a93 p. | ||
| 650 | 4 | _aCUENTOS | |
| 650 | 4 | _aLITERATURA ARGENTINA | |
| 650 | 4 | _aLITERATURA CONTEMPORANEA | |
| 653 | _aLITERATURA JUVENIL | ||
| 653 | _aCUENTOS ARGENTINOS | ||
| 655 | _aLITERATURA | ||
| 942 | _cBK | ||
| 998 | _cEugenia | ||
| 999 |
_c19952 _d19952 |
||